| 000 | 00572nam a22001697a 4500 | ||
|---|---|---|---|
| 003 | NUST | ||
| 038 | _aNusrat Nadeem | ||
| 082 | _a200 | ||
| 100 |
_aNoreen Zarish _9124173 |
||
| 245 |
_aInvestigation of Molecular Mechanisms Underlying Type 2 Diabetes Mellitus and Alzheimer’s disease/ _cZarish Noreen |
||
| 264 |
_aIslamabad; _bASAB NUST; _c2022. |
||
| 300 |
_a150,p; _bill; _c30,cm. |
||
| 650 |
_aPhD-Applied Biosciences _9123210 |
||
| 700 |
_aSupervisor: Dr. Attya Bhatti _9123912 |
||
| 856 | _uhttp://10.250.8.41:8080/xmlui/handle/123456789/31986 | ||
| 942 |
_2ddc _cSC |
||
| 999 |
_c610114 _d610114 |
||